Countries by Tobacco Consumption - Statistics

General Stats
  • This quiz has been taken 143 times
  • The average score is 7 of 20
Answer Stats
Total % Male % Female % Country % Correct
34.6 36.0 33.2 France
70%
39.1 45.3 32.8 Greece
68%
40.6 40.0 41.2 Serbia
61%
38.9 42.5 35.3 Bulgaria
58%
37.9 70.5 5.3 Indonesia
57%
38.3 46.3 30.2 Bosnia and Herzegovina
55%
36.6 37.9 35.3 Croatia
55%
36.7 50.1 23.3 Cyprus
31%
37.8 60.1 15.5 Laos
31%
42.6 49.4 35.9 Lebanon
31%
45.5 70.2 20.8 Myanmar
29%
44.7 49.2 40.3 Chile
27%
52.1 51.7 52.6 Nauru
27%
39.1 60.6 17.7 Bangladesh
26%
36.7 49.5 24.0 Latvia
26%
48.7 66.0 31.4 Tuvalu
21%
52.0 68.6 35.5 Kiribati
19%
38.2 65.8 10.7 East Timor
18%
33.8 38.1 29.5 Andorra
17%
37.9 55.9 19.9 Solomon Islands
17%
No matching quizzes found
Score Distribution
Percent of People with Each Score
Percentile by Number Answered
Your Score History
You have not taken this quiz